000 01626nam a2200373 a 4500
001 ebr10237147
003 CaPaEBR
006 m u
007 cr cn|||||||||
008 020610s2003 aluab sb s001 0 eng
020 _z0817312196 (alk. paper)
020 _z081731220X (pbk. : alk. paper)
040 _aCaPaEBR
_cCaPaEBR
035 _a(OCoLC)614555672
043 _an-us-al
050 1 4 _aE78.A28
_bB67 2003eb
082 0 4 _a976.1/21
_221
245 0 0 _aBottle Creek
_h[electronic resource] :
_ba Pensacola culture site in South Alabama /
_cedited by Ian W. Brown ; foreword by David S. Brose ; with contributions by Penelope B. Drooker ... [et al.].
260 _aTuscaloosa :
_bUniversity of Alabama Press,
_cc2003.
300 _axxix, 277 p. :
_bill., maps.
500 _a"A Dan Josselyn memorial publication."
504 _aIncludes bibliographical references (p. [233]-260) and index.
533 _aElectronic reproduction.
_bPalo Alto, Calif. :
_cebrary,
_d2013.
_nAvailable via World Wide Web.
_nAccess may be limited to ebrary affiliated libraries.
650 0 _aMississippian culture
_zAlabama
_zMound Island.
650 0 _aMississippian pottery
_zAlabama
_zMound Island.
650 0 _aExcavations (Archaeology)
_zAlabama
_zMound Island.
651 0 _aBottle Creek Site (Ala.)
651 0 _aMound Island (Ala.)
_xAntiquities.
655 7 _aElectronic books.
_2local
700 1 _aBrown, Ian W.
700 1 _aDrooker, Penelope B.
710 2 _aebrary, Inc.
856 4 0 _uhttp://site.ebrary.com/lib/rucke/Doc?id=10237147
_zAn electronic book accessible through the World Wide Web; click to view
999 _c37747
_d37747